000
00309nam a22001217a 4500
008
230620b xxu||||| |||| 00| 0 eng d
082
_a
327.1
_b
COM
100
_c
COMMONWEALTH SECRETARIAT
245
_a
Vulnerability
_b
Small States in the Global Society
260
_a
London
300
_a
126p
942
_2
ddc
_c
BK
999
_c
1918
_d
1918